| 000 | 00761nam a2200181Ia 4500 | ||
|---|---|---|---|
| 008 | 151202s9999||||xx |||||||||||||| ||und|| | ||
| 082 | _bPNVM-3663 | ||
| 100 | _aकोलते वि. भि. | ||
| 245 | _aश्री गोंविदप्रभू चरित्र म्हाईभट संक. | ||
| 260 | _b"अरुण प्रकाशन, मलकापूर." | ||
| 260 | _c0 | ||
| 300 | _a0 | ||
| 600 | _aकोलते वि. भि. | ||
| 630 | _aश्री गोंविदप्रभू चरित्र म्हाईभट संक. | ||
| 700 | _aकोलते वि. भि. | ||
| 730 | _aश्री गोंविदप्रभू चरित्र म्हाईभट संक. | ||
| 942 | _cBOOK | ||
| 999 |
_c1269661 _d1269658 |
||